000 00216 a2200109 4500
020 _a9781250103796
041 _aeng
100 _aAndy Griffiths
245 _aThe 52 Story Treehouse
942 _cBK
999 _c29039
_d29037
999 _d29037